000 00420nam a2200157Ia 4500
008 221030s9999 xx 000 0 und d
020 _a9812402876
041 _aEnglish
082 _a105.23
_bSea
100 _aW. S. Seamer
245 0 _aComputer Numerical Control - Concepts & Programming
_cby W. S. Seamer
260 _bThomson Learning Canada.
_aIndia
_c2002
300 _a438
650 _aBE Computer
942 _cBK
999 _c7967
_d7967